| 000 | 00812nam a2200205 a 4500 | ||
|---|---|---|---|
| 003 | 0 | ||
| 005 | 20250314121222.0 | ||
| 008 | 071127s19uu xx 00 eng d | ||
| 050 |
_aPGS JC 571 _b.St847 2007 |
||
| 100 | _aStevenson, Stephanie. | ||
| 245 |
_aAwareness of specific rights of grade 6 & 7 students of Southville International School / _cStephanie Stevenson. |
||
| 260 |
_aLas Piñas City, Philippines : _bSouthville International School and Colleges, _c2007. |
||
| 300 |
_a34 pages : _billustrations ; _c28 cm. |
||
| 504 | _a Includes bibliographical references. | ||
| 650 |
_aChildren’s rights _vStudy and teaching. |
||
| 650 | _aHuman rights awareness in children. | ||
| 650 |
_aCivic education _vHuman rights. |
||
| 650 | _aStudents’ perceptions on human rights. | ||
| 942 |
_2lcc _cPASS |
||
| 999 |
_c97770 _d97770 |
||